Noms de villes qui sont aussi des prénoms - 2 - Statistiques

Statistiques générales
  • Ce quiz a été pris 40 fois
  • Le résultat moyen est 5 sur 11
Statistiques - réponses
Hint Réponse % Correct
Brésil R Rio
88%
Italie M Milan
73%
Australie S Sydney
68%
Égypte/États-Unis M Memphis
55%
Mexique L León
43%
États-Unis O Orlando
40%
États-Unis A Austin
35%
Japon K Kobe
20%
Afrique du Sud G George
18%
États-Unis E Eugene
10%
Canada C Chandler
3%
Aucun quiz correspondant
Distribution des résultats
% des personnes avec chaque résultat
Percentile par nombre de réponses
Votre historique - résultats
Vous n’avez pas pris ce quiz